00529 2200193 4500001002100000005001500021035002000036008004100056245007200097100001800169260003000187300002500217020002200242084001800264082000800282650001100290710001400301990002000315INLIS00000000000784120260417030214 a0010-0426000029260417 0 ind 1 aLadang Bisnis dari Usaha Penitipan Anak /cWury Hapsari & Indscript aHapsari, Wury aYogyakarta :bAndi,c2024 axii + 132 ;c16 x 23 a978-623-8487-22-6 a650 HAP L C.1 a650 4aBisnis0 aIndscript a260311300011173